000 01441nam a2200445 c 4500
001 53236
003 ES-MaCES
005 20250203133030.0
008 240618s2003 mx 000 | spa d
020 _a9786071678447
035 _aCES20050011710m
040 _aES-MaCES
_bspa
_cES-MaCES
041 1 _aspa
_heng
100 1 _aBauman, Zygmunt
_97283
245 1 3 _aLa sociedad sitiada
_cZygmunt Bauman ; [traducción de Mirta Rosenberg ; en colaboración con Ezequiel Zaidenwerg]
250 _a1ª ed. FCE México
260 _aMexico [etc.]
_bFondo de Cultura Económica
_c2003
300 _a265 p.
_c23 cm
490 1 _aSección de obras de Sociología
500 _aTraducción de: Society under siege
500 _aÍndices
541 _cCompra
650 4 _asociedad
_927269
650 4 _aEstado
_927203
650 4 _anación
_929379
650 4 _apolítica
_927246
650 4 _aglobalización económica
_930653
650 4 _acambio social
_927286
650 4 _ateoría política
_927233
650 4 _ateoría social
_927032
653 1 0 _aCiencias Sociales-Políticas
700 1 _aRosenberg, Mirta
_etr.
_922656
700 1 _aZaidenwerg, Ezequiel
_ecol.
_926489
740 0 2 _aSociety under siege
775 0 _tLa sociedad sitiada
_w(ES-MaCES)18085
830 0 _aSección de obras de Sociología
_934139
902 _aLIB Libro
942 _2CES
_cBK
_h7.0.
999 _c53236
_d53236